000 00291nam a22001337a 4500
008 170808b xxu||||| |||| 00| 0 eng d
020 _a9781435487215
041 _aeng
080 _25TH
_a004
100 _a35
101 _aSHK
245 _aGUIDE TO HARDWARE
_cANDREWS,J
942 _2udc
_cBK
999 _c22915
_d22915